Triton : una ambigua eterotopia /
محفوظ في:
| المؤلف الرئيسي: | |
|---|---|
| التنسيق: | كتاب |
| اللغة: | الإيطالية |
| منشور في: |
Milano :
Nord,
©1995
|
| سلاسل: | Cosmo. Serie oro ;
149 |
| الوسوم: |
لا توجد وسوم, كن أول من يضع وسما على هذه التسجيلة!
|
MARC
| LEADER | 00000nam a2200000 i 4500 | ||
|---|---|---|---|
| 001 | IT\ICCU\RAV\0263689 | ||
| 003 | ItRI | ||
| 005 | 20260115231911.0 | ||
| 008 | 951204s1995 it |||||| ||||| |||||c | ||
| 015 | |2 IT |a 96-11360 | ||
| 020 | |a 8842908614 | ||
| 040 | |b ita |c importazione bologna sebina | ||
| 041 | 7 | |a ita |2 ISO-639-2 | |
| 082 | |a 813.54 |9 Letteratura americana in inglese. Narrativa. 1945- |2 20 | ||
| 100 | 1 | |a Delany, Samuel R. |0 IT\ICCU\RAVV\030760 |4 aut | |
| 240 | 1 | 0 | |a Triton. - |3 IT\ICCU\RAV\0263690 |9 Delany, Samuel R. |
| 245 | 1 | 0 | |a Triton : |b una ambigua eterotopia / |c Samuel R. Delany. |
| 260 | |a Milano : |b Nord, |c ©1995 | ||
| 300 | |a VIII, 407 p. ; |c 20 cm | ||
| 500 | |a Trad. di Franco Giambalvo. | ||
| 790 | 1 | |a Delany, Samuel Ray |3 IT\ICCU\RAVV\694300 |z Delany, Samuel R. | |
| 830 | 0 | |a Cosmo. Serie oro ; |v 149 |0 IT\ICCU\CFI\0007638 | |
| 942 | |2 ddc |c BK |n 0 | ||
| 952 | |0 0 |1 0 |4 0 |6 DOC_813_540000000000000_DEL |7 0 |9 15846 |a BO |b BO |d 2026-01-15 |i 4933 |l 0 |o DOC 813.54 DEL |p BO4933 |r 2026-01-15 23:19:11 |w 2026-01-15 |x [Sebina 5] [1 v.] |y BK |z 1 v. | ||
| 999 | |c 13623 |d 13623 | ||